000 00525nam a2200181Ia 4500
001 16777
005 20260306170336.0
008 260306t2017||||xx |||||||||||||| ||und||
041 _aESP
082 _a657
_bD69
100 _aDíaz Becerra, Óscar Alfredo
_eAUT
245 0 _aCiencia contable:
_bVisión y perspectiva: libro homenje por los 85 años de la Facultad de Ciencias Contables de la PUCP
260 _c2017
300 _a405 páginas :
_c24 cm.
650 _aGEN
654 _aCCO
942 _cLIB
_dJUS
_fJUS
_2ddc
_n
999 _c16777
_d16777